Conduct unbecoming (Record no. 4709)

MARC details
000 -LEADER
fixed length control field 00455nam a22001577a 4500
008 - FIXED-LENGTH DATA ELEMENTS--GENERAL INFORMATION
fixed length control field 260424b |||||||| |||| 00| 0 eng d
020 ## - INTERNATIONAL STANDARD BOOK NUMBER
ISBN 978129369
100 ## - MAIN ENTRY--AUTHOR
Author Aluko, Timothy Mofolorunso
245 ## - TITLE STATEMENT
Title Conduct unbecoming
260 ## - PUBLICATION, DISTRIBUTION, ETC. (IMPRINT)
Place of publication Ibadan
Name of publisher Heinemann Educational Books,
Date of publication 1993
300 ## - COLLATION
Pagination 165p.
650 ## - TRACINGS
Subdivision (1st) Nigeria — Fiction
Subdivision (2nd) Criminal justice, Administration of — Fiction
942 ## - ADDED ENTRY ELEMENTS (KOHA)
Item type Books
050 ## - LIBRARY OF CONGRESS CALL NUMBER
Classification number PR9387.9
Item number .A48
Holdings
Source of classification or shelving scheme Not for loan Permanent location Current location Date acquired Accession No. Full call number Barcode. Copy number Koha item type
Library of Congress Classification   Samuel Ogbemudia Main Library, University of Abuja Samuel Ogbemudia Main Library, University of Abuja 04/24/2026 2026/72145-50 PR9387.9.A48 2026-0203 6 Books